| 000 | 01289cam a2200265 4500 | ||
|---|---|---|---|
| 001 | ABS63987 | ||
| 008 | 000000n2001 000 0 eng u | ||
| 035 | _a(Sirsi) u112811 | ||
| 245 | _aMAFF's environmental failings exposed by foot and mouth outbreak | ||
| 260 | _c2001 | ||
| 490 |
_aENDS Report _v(315) April 2001, 18-20(3) |
||
| 520 | _a[TAKEN FROM JOURNAL HEADNOTE] The outbreak of foot and mouth disease has exposed serious failings by MAFF to integrate environmental considerations into its policies. Breaching long established government policy, MAFF failed to assess in advance the public health implications of burning carcasses on pyres - and an official risk assessment published two months after the outbreak showed that large pyres pose serious health risks. Mass burial of animals has caused some water pollution incidents and a host of long-term liabilities - while options higher up the waste hierachy scarcely come into play for two months. | ||
| 590 | _aABS | ||
| 650 | _aMAFF | ||
| 650 | _aFOOT-AND-MOUTH DISEASE | ||
| 650 | _aPUBLIC HEALTH | ||
| 650 | _aWATER POLLUTION | ||
| 650 | _aAIR QUALITY | ||
| 650 | _aBURIAL | ||
| 650 | _aDISPOSAL | ||
| 650 | _aBURNING | ||
| 650 | _aRISK ASSESSMENT | ||
| 690 | _aENVIRONMENT-CONTAMINATION | ||
| 942 | _n0 | ||
| 999 |
_c67156 _d67156 |
||